000 00414nam a2200157Ia 4500
008 221030s9999 xx 000 0 und d
020 _a8188458317
082 _a105.23
_bDog
100 _aR. K. Dogra
245 0 _aEngineering Materials & Metallugry
_cby R. K. Dogra, A. K. Sharma
260 _bS.K Kataria & Sons
_aNew Delhi
_c2006
300 _a340
650 _aEE
700 _aA. K. Sharma
942 _cBK
_2ddc
999 _c3815
_d3815